[Event "European Rapid 2016"]
[Site "Tallinn EST"]
[Date "2016.12.16"]
[Round "7.14"]
[White "Zakhartsov, Vladimir"]
[Black "Huzman, Alexander"]
[Result "1/2-1/2"]
[WhiteTitle "IM"]
[BlackTitle "GM"]
[WhiteElo "2453"]
[BlackElo "2557"]
[WhiteFideId "4145097"]
[BlackFideId "2803828"]
[EventDate "2016.12.15"]

1. e4 e6 2. d4 d5 3. Nd2 c5 4. exd5 Qxd5 5. dxc5 Nf6 6. Ngf3 Qxc5 7. Bd3 Nbd7 8.
O-O Qc7 9. Qe2 Nc5 10. Bb5+ Bd7 11. Bxd7+ Ncxd7 12. Ne4 Be7 13. b3 O-O 14. Bb2
Nxe4 15. Qxe4 Bf6 16. Ba3 Bxa1 17. Bxf8 Nf6 18. Qa4 Bc3 19. Ba3 a6 20. Bc1 b5
21. Qh4 Nd5 22. Qe4 Rc8 23. a4 Bf6 24. axb5 axb5 25. c4 bxc4 26. bxc4 Qxc4 27.
Qxc4 Rxc4 28. Bd2 h6 29. Rc1 Ra4 30. Kf1 g5 31. h3 Kg7 32. Re1 Ra2 33. Re2 Kg6
34. Be3 Ra4 35. Bd2 h5 36. Ne5+ Kg7 37. g3 Ra1+ 38. Kg2 Ra2 39. Nf3 Kg6 40. Kf1
g4 41. hxg4 hxg4 42. Ne1 Kf5 43. Ng2 Ra1+ 44. Re1 Rxe1+ 45. Kxe1 Ke4 46. Ke2 Bc3
47. Bc1 Bb4 48. Bb2 f5 49. Nh4 Bd6 50. f3+ gxf3+ 51. Nxf3 Ne7 52. Nd2+ Kd5 53.
Kf3 Ng6 54. Nf1 Kc4 55. g4 Nh4+ 56. Ke2 fxg4 57. Ne3+ Kb3 58. Bf6 1/2-1/2

[Event "European Rapid 2016"]
[Site "Tallinn EST"]
[Date "2016.12.16"]
[Round "7.15"]
[White "Potkin, Vladimir"]
[Black "Dudas, Jan"]
[Result "1-0"]
[WhiteTitle "GM"]
[BlackTitle "FM"]
[WhiteElo "2597"]
[BlackElo "2207"]
[WhiteFideId "4131061"]
[BlackFideId "14900580"]
[EventDate "2016.12.15"]

1. c4 e5 2. Nc3 Nf6 3. Nf3 Nc6 4. g3 d5 5. cxd5 Nxd5 6. Bg2 Nb6 7. O-O Be7 8. a3
O-O 9. d3 Be6 10. b4 a6 11. Bb2 f6 12. Ne4 Kh8 13. Qc2 Bg4 14. Rac1 Rc8 15. Rfd1
Nd5 16. d4 Bxf3 17. Bxf3 exd4 18. Bxd4 Qe8 19. Nc5 Nxd4 20. Rxd4 Bxc5 21. Qxc5
c6 22. Bxd5 cxd5 23. Qxc8 Qxc8 24. Rxc8 Rxc8 25. Rxd5 h6 26. Rc5 Rd8 27. Kg2 Rd2
28. Kf3 Ra2 29. Rc3 Kh7 30. e4 Kg6 31. h4 h5 32. Ke3 b5 33. f4 Kf7 34. Kd4 Ke7
35. Kc5 Re2 36. Kb6 Rxe4 37. Kxa6 Rc4 38. Re3+ Kd6 39. Kxb5 Rc8 40. a4 Rb8+ 41.
Kc4 Rc8+ 42. Kd4 Rc1 43. Rc3 Rb1 44. b5 Rb4+ 45. Rc4 Rb3 46. Rc6+ Kd7 47. Kc5
Rxg3 48. a5 g5 49. Rxf6 gxh4 50. Rh6 Kc8 51. Rxh5 h3 52. a6 Rg7 53. Rxh3 Kb8 54.
Kb6 Rb7+ 55. Ka5 Rf7 56. Rh8+ Kc7 57. a7 1-0

[Event "European Rapid 2016"]
[Site "Tallinn EST"]
[Date "2016.12.16"]
[Round "7.16"]
[White "Kukk, Sander"]
[Black "Grandelius, Nils"]
[Result "0-1"]
[BlackTitle "GM"]
[WhiteElo "2178"]
[BlackElo "2643"]
[WhiteFideId "4502094"]
[BlackFideId "1710400"]
[EventDate "2016.12.15"]

1. b3 e5 2. Bb2 Nc6 3. e3 d5 4. Bb5 Bd6 5. f4 f6 6. Qh5+ g6 7. Qh4 Ne7 8. fxe5
fxe5 9. Nf3 O-O 10. Bxc6 Nxc6 11. Qxd8 Rxd8 12. Nc3 e4 13. Ng1 Be6 14. Nb5 Nb4
15. Nd4 Bd7 16. a3 Na6 17. b4 c6 18. Nge2 Rf8 19. h3 Nc7 20. Rf1 b6 21. Nc3 c5
22. bxc5 bxc5 23. Nb3 Rxf1+ 24. Kxf1 Rb8 25. Rb1 Bc6 26. Ba1 Ne6 27. Na5 Rxb1+
28. Nxb1 Bb5+ 29. Kf2 d4 30. Nb3 Be5 31. Kg1 Kf7 32. Kf2 Ke7 33. Kg1 Kd6 34. Bb2
Kd5 35. Ba1 Be2 36. c3 dxe3 37. dxe3 Bg3 38. N1d2 Be1 39. Nf1 Kc4 40. Na5+ Kd3
41. Nc6 a6 42. Ne5+ Kc2 43. c4 Kb1 0-1

[Event "European Rapid 2016"]
[Site "Tallinn EST"]
[Date "2016.12.16"]
[Round "7.17"]
[White "Chigaev, Maksim"]
[Black "Kanep, Meelis"]
[Result "1/2-1/2"]
[WhiteTitle "GM"]
[BlackTitle "GM"]
[WhiteElo "2531"]
[BlackElo "2485"]
[WhiteFideId "4108116"]
[BlackFideId "4501047"]
[EventDate "2016.12.15"]

1. e4 c5 2. Nf3 d6 3. d4 Nf6 4. Nc3 cxd4 5. Nxd4 Nc6 6. Bc4 Bd7 7. Be3 Rc8 8.
Qe2 Qa5 9. Nb3 Qc7 10. Bd3 e6 11. f4 Be7 12. g4 g6 13. O-O-O a6 14. Kb1 b5 15.
g5 Nh5 16. Qf2 Nb4 17. Be2 Qb7 18. Bf3 Nxc2 19. Qxc2 b4 20. Bd4 O-O 21. Bxh5
gxh5 22. Qd3 bxc3 23. Bxc3 Bc6 24. Na5 Qb5 25. Qd4 e5 26. fxe5 dxe5 27. Nxc6
Rxc6 28. Qxe5 Qxe5 29. Bxe5 Bxg5 30. Bd6 Rd8 31. e5 f6 32. Be7 Rxd1+ 33. Rxd1
Kf7 34. Bxf6 Bxf6 35. Rf1 h4 36. Rxf6+ Rxf6 37. exf6 Kxf6 38. Kc2 Kf5 39. Kd3
Ke5 40. b4 Kd5 41. h3 Kc6 42. Kc4 Kb6 43. a3 Kc6 44. a4 Kd6 45. Kd4 h6 46. Ke4
Ke6 47. Kd4 Kd6 48. Kc4 Kc6 49. Kd4 1/2-1/2

[Event "European Rapid 2016"]
[Site "Tallinn EST"]
[Date "2016.12.16"]
[Round "7.18"]
[White "Reshetnikov, Evgeny"]
[Black "Movsesian, Sergei"]
[Result "0-1"]
[WhiteTitle "FM"]
[BlackTitle "GM"]
[WhiteElo "2296"]
[BlackElo "2673"]
[WhiteFideId "4138210"]
[BlackFideId "310204"]
[EventDate "2016.12.15"]

1. d4 Nf6 2. Nf3 d6 3. Nc3 Nbd7 4. e4 e5 5. Bc4 Be7 6. O-O O-O 7. Re1 a6 8. a4
b6 9. h3 Bb7 10. b3 h6 11. Ba3 Re8 12. Re3 Bf8 13. d5 g6 14. Nh2 Bg7 15. Qf1 Nh7
16. Bd3 Rf8 17. Rg3 Nhf6 18. Be2 Nc5 19. Bxc5 dxc5 20. Rd1 Ne8 21. Ng4 Nd6 22.
Ne3 Qe8 23. Bd3 f5 24. exf5 gxf5 25. f4 e4 26. Bc4 Kh7 27. Ne2 b5 28. b4 Nxc4
29. Nxc4 bxc4 30. bxc5 Rd8 31. d6 cxd6 32. cxd6 e3 33. d7 Rxd7 34. Rxd7 Qxd7 35.
Rxe3 Re8 0-1

[Event "European Rapid 2016"]
[Site "Tallinn EST"]
[Date "2016.12.16"]
[Round "7.20"]
[White "Loginov, Valery A"]
[Black "Neiksans, Arturs"]
[Result "0-1"]
[WhiteTitle "GM"]
[BlackTitle "GM"]
[WhiteElo "2486"]
[BlackElo "2631"]
[WhiteFideId "4126297"]
[BlackFideId "11601388"]
[EventDate "2016.12.15"]

1. e4 c5 2. Nf3 e6 3. d4 cxd4 4. Nxd4 Nc6 5. Nc3 Qc7 6. Be2 a6 7. O-O Nf6 8. Be3
Bb4 9. Nxc6 bxc6 10. Qd4 c5 11. Qc4 O-O 12. a3 Bxc3 13. bxc3 Bb7 14. f3 d6 15.
Rfd1 h6 16. Bf2 Bc6 17. a4 e5 18. Qd3 Rfd8 19. Qd2 d5 20. exd5 Nxd5 21. Qe1 Nf4
22. Rxd8+ Qxd8 23. Bf1 Qd5 24. c4 Nh3+ 25. gxh3 Qxf3 26. Bg3 Re8 27. Qe2 Qh1+
28. Kf2 f5 29. Qh5 f4 30. Bh4 e4 31. Bf6 e3+ 0-1

[Event "European Rapid 2016"]
[Site "Tallinn EST"]
[Date "2016.12.16"]
[Round "7.21"]
[White "Najer, Evgeniy"]
[Black "Kulaots, Kaido"]
[Result "1-0"]
[WhiteTitle "GM"]
[BlackTitle "GM"]
[WhiteElo "2679"]
[BlackElo "2556"]
[WhiteFideId "4118987"]
[BlackFideId "4500261"]
[EventDate "2016.12.15"]

1. e4 c5 2. Nf3 Nc6 3. d4 cxd4 4. Nxd4 Qb6 5. Nb3 Nf6 6. Nc3 e6 7. Bd3 d6 8. f4
a6 9. Qf3 Be7 10. g4 Nd7 11. g5 Qc7 12. Be3 b5 13. O-O-O Bb7 14. Kb1 Nb4 15. h4
Nxd3 16. cxd3 b4 17. Ne2 a5 18. Rc1 Qb8 19. Nbd4 Nc5 20. f5 e5 21. f6 exd4 22.
fxe7 dxe3 23. Rhf1 Kd7 24. Qf5+ Ne6 25. Nd4 Re8 26. Nxe6 fxe6 27. Qb5+ Kxe7 28.
g6 Rf8 29. Rxf8 Kxf8 30. gxh7 Kf7 31. Qd7+ Kf6 32. Rf1+ Ke5 33. Qxg7# 1-0

[Event "European Rapid 2016"]
[Site "Tallinn EST"]
[Date "2016.12.16"]
[Round "7.22"]
[White "Sychev, Klementy"]
[Black "Alekseev, Evgeny"]
[Result "0-1"]
[WhiteTitle "IM"]
[BlackTitle "GM"]
[WhiteElo "2453"]
[BlackElo "2632"]
[WhiteFideId "4114060"]
[BlackFideId "4138147"]
[EventDate "2016.12.15"]

1. d4 e6 2. c4 b6 3. e4 Bb7 4. Bd3 Bb4+ 5. Kf1 Be7 6. Nc3 d6 7. Nf3 Nd7 8. g3
Bf6 9. Kg2 Ne7 10. Re1 O-O 11. Bc2 c5 12. Be3 cxd4 13. Bxd4 a6 14. Qd2 Qc7 15.
Rad1 Rfd8 16. b3 Rac8 17. a4 Ne5 18. Qe3 Nf5 19. exf5 Bxf3+ 20. Kg1 Bxd1 21.
Bxd1 Nxc4 22. bxc4 Bxd4 23. Qxd4 Qxc4 24. Qxc4 Rxc4 25. Ne4 exf5 26. Ng5 Rc1 27.
Kf1 Rdc8 28. Bb3 Rxe1+ 29. Kxe1 Rc7 30. Kd2 g6 31. Nh3 b5 32. axb5 axb5 33. Nf4
Kg7 34. Nd5 Ra7 35. h4 h6 36. Nc3 Rb7 37. Nd5 Rb8 38. Kd3 Re8 39. Nc3 Re5 40.
Kd2 f4 41. gxf4 Rh5 42. Ke3 b4 43. Ne4 Rxh4 44. Nxd6 f5 45. Nb5 Rh3+ 46. f3 Rh2
47. Nd4 Rb2 48. Bc2 Kf6 49. Bd1 h5 50. Be2 h4 51. Bf1 b3 52. Ne2 h3 53. Kf2 Rc2 0-1

[Event "European Rapid 2016"]
[Site "Tallinn EST"]
[Date "2016.12.16"]
[Round "7.23"]
[White "Matlakov, Maxim"]
[Black "Narmontas, Matas"]
[Result "1-0"]
[WhiteTitle "GM"]
[BlackTitle "IM"]
[WhiteElo "2694"]
[BlackElo "2411"]
[WhiteFideId "4168003"]
[BlackFideId "12802204"]
[EventDate "2016.12.15"]

1. e4 c5 2. Nf3 Nc6 3. Bb5 g6 4. O-O Bg7 5. Nc3 e5 6. d3 Nge7 7. a3 d6 8. Bc4 h6
9. b4 O-O 10. Rb1 Kh7 11. h3 f5 12. bxc5 dxc5 13. exf5 Nxf5 14. Bd5 Ncd4 15.
Bxb7 Bxb7 16. Rxb7 Nd6 17. Rxg7+ Kxg7 18. Nxe5 Rf5 19. Re1 Qa5 20. Bd2 Re8 21.
Ne4 Qc7 22. Ng4 g5 23. Ng3 Rff8 24. h4 N6f5 25. Nxf5+ Nxf5 26. hxg5 hxg5 27.
Bxg5 Kg6 28. Bd2 Rh8 29. Rxe8 Rxe8 30. Qf3 Rb8 31. Qd1 Rh8 32. Bc3 Nd4 33. Qe1
Qf4 34. Bxd4 cxd4 35. Ne5+ Kf6 36. Nf3 Kf7 37. Qb1 Rb8 38. Qa2+ Kf6 39. Qa1 Kf7
40. Nxd4 Rh8 41. Qa2+ Ke7 42. Qe6+ Kd8 43. Qd5+ Kc8 44. Qa8+ Qb8 45. Qxb8+ Kxb8
46. f4 Kc7 47. Kf2 Rh1 48. Nb3 Rb1 49. Ke3 Rg1 50. Kf2 Rb1 51. g4 Rb2 52. Nd4
Ra2 53. g5 Kd7 54. Kf3 Rxa3 55. f5 Ra1 56. Ke4 a5 57. f6 Rf1 58. Nb3 Re1+ 59.
Kf5 Kd6 60. g6 Rf1+ 61. Kg5 a4 62. Nd2 Rg1+ 63. Kh6 a3 64. f7 Ke7 65. Kg7 1-0

[Event "European Rapid 2016"]
[Site "Tallinn EST"]
[Date "2016.12.16"]
[Round "7.24"]
[White "Motylev, Alexander"]
[Black "Ladva, Ottomar"]
[Result "1-0"]
[WhiteTitle "GM"]
[BlackTitle "GM"]
[WhiteElo "2663"]
[BlackElo "2510"]
[WhiteFideId "4121830"]
[BlackFideId "4500024"]
[EventDate "2016.12.15"]

1. e4 c5 2. Nf3 e6 3. d4 cxd4 4. Nxd4 Nc6 5. Nc3 Qc7 6. Be3 a6 7. Qf3 Bd6 8.
O-O-O Be5 9. g3 Nge7 10. Qe2 O-O 11. Bg2 b5 12. f4 Bxd4 13. Bxd4 Nxd4 14. Rxd4
Nc6 15. Rd2 d6 16. Rhd1 Rd8 17. g4 Bb7 18. g5 b4 19. Na4 e5 20. Qc4 Qa5 21. Rxd6
Rxd6 22. Rxd6 Qxa4 23. Rd7 Nd8 24. Qc7 Ne6 25. Qxb7 Rf8 26. Rd6 Nxf4 27. Bf1 b3
28. cxb3 Qa5 29. Bc4 Qe1+ 30. Kc2 g6 31. Rd2 a5 32. a3 Qg1 33. Qe7 Ne6 34. Bxe6
fxe6 35. Qxe6+ Kh8 36. Qxe5+ Kg8 37. Qd5+ Rf7 38. Qxa5 1-0

[Event "European Rapid 2016"]
[Site "Tallinn EST"]
[Date "2016.12.16"]
[Round "7.25"]
[White "Castellanos Rodriguez, Renier"]
[Black "Halkias, Stelios"]
[Result "0-1"]
[WhiteTitle "IM"]
[BlackTitle "GM"]
[WhiteElo "2491"]
[BlackElo "2585"]
[WhiteFideId "3404650"]
[BlackFideId "4201809"]
[EventDate "2016.12.15"]

1. e4 c5 2. Nf3 e6 3. d4 cxd4 4. Nxd4 Nc6 5. Nb5 d6 6. c4 Nf6 7. N5c3 Be7 8. Be2
O-O 9. O-O b6 10. Re1 Bb7 11. Bf4 Ne5 12. Nd2 Rc8 13. Rc1 Qc7 14. a3 Qb8 15. b4
Nfd7 16. Bf1 Kh8 17. Bg3 g5 18. Na4 Bc6 19. Nb2 Rg8 20. Nd3 Nxd3 21. Bxd3 Ne5
22. Bf1 f5 23. exf5 exf5 24. f3 Bf6 25. Bf2 Rce8 26. Qc2 Qc8 27. Bd3 Bd7 28. Bf1
Bc6 29. a4 Qd7 30. b5 Bb7 31. Bd3 Bc8 32. Nb3 f4 33. Bd4 g4 34. Bxe5 Rxe5 35.
Rxe5 Bxe5 36. Be4 Bb7 37. Rd1 gxf3 38. Rd2 fxg2 39. Rxg2 f3 40. Rxg8+ Kxg8 41.
Bxb7 Qxb7 42. Qf5 Qg7+ 0-1

[Event "European Rapid 2016"]
[Site "Tallinn EST"]
[Date "2016.12.16"]
[Round "7.26"]
[White "Vitiugov, Nikita"]
[Black "Bernotas, Arturs"]
[Result "1-0"]
[WhiteTitle "GM"]
[BlackTitle "FM"]
[WhiteElo "2726"]
[BlackElo "2332"]
[WhiteFideId "4152956"]
[BlackFideId "11601426"]
[EventDate "2016.12.15"]

1. d4 Nf6 2. Nc3 d5 3. Bf4 c6 4. e3 Bf5 5. f3 h5 6. Bd3 Bxd3 7. Qxd3 e6 8. O-O-O
Bd6 9. Bg5 Qa5 10. h4 Nbd7 11. e4 Bb4 12. Nge2 Nb6 13. Kb1 Nc4 14. Ka1 Nh7 15.
Bc1 O-O-O 16. b3 Nb6 17. Nb1 Nf6 18. e5 Nfd7 19. Kb2 Kb8 20. a3 Be7 21. Bd2 Qb5
22. Qxb5 cxb5 23. Nf4 Rc8 24. Nc3 a6 25. Nce2 g6 26. Bb4 Bxb4 27. axb4 Rcg8 28.
Nh3 Nf8 29. Nef4 Kc8 30. Ng5 Rg7 31. g4 Kd7 32. Rdg1 Ke7 33. Rh2 Nbd7 34. gxh5
gxh5 35. Rhg2 Rh6 36. Kc3 Ng6 37. Ngxe6 fxe6 38. Nxg6+ Ke8 39. Kd2 Rf7 40. Ke3
Rhh7 41. Nf4 Nf8 42. Rg8 Ke7 43. R1g5 b6 44. Rxh5 a5 45. bxa5 bxa5 46. Rxh7 Rxh7
47. h5 Kf7 48. Rg1 Ke8 49. Nd3 a4 50. bxa4 bxa4 51. Ra1 Ra7 52. Nc5 a3 53. Kd3
a2 54. f4 Rh7 55. Rxa2 Rxh5 56. Ra8+ Ke7 57. Ra7+ Ke8 58. Kc3 Rh3+ 59. Kb4 Rf3
60. Nd3 Ng6 61. Kc5 Nxf4 62. Nxf4 Rxf4 63. c3 1-0

[Event "European Rapid 2016"]
[Site "Tallinn EST"]
[Date "2016.12.16"]
[Round "7.27"]
[White "Pustovoitova, Daria"]
[Black "Piorun, Kacper"]
[Result "0-1"]
[WhiteTitle "FM"]
[BlackTitle "GM"]
[WhiteElo "2401"]
[BlackElo "2657"]
[WhiteFideId "4182146"]
[BlackFideId "1130420"]
[EventDate "2016.12.15"]

1. d4 g6 2. c4 Bg7 3. Nf3 d6 4. Nc3 Nc6 5. Bg5 h6 6. Be3 Nf6 7. h3 O-O 8. Qd2
Kh7 9. g4 Nd7 10. Bg2 e5 11. dxe5 Ndxe5 12. Nxe5 Nxe5 13. b3 f5 14. f4 Nc6 15.
gxf5 Bxf5 16. O-O Qd7 17. Kh2 Rae8 18. Rac1 Re6 19. Bd5 Re7 20. Rf3 Rfe8 21. Re1
Nb4 22. c5 Nc2 23. Nd1 Nxe1 24. Qxe1 c6 25. cxd6 Qxd6 26. Bc4 Bc2 0-1

[Event "European Rapid 2016"]
[Site "Tallinn EST"]
[Date "2016.12.16"]
[Round "7.28"]
[White "Andriasian, Zaven"]
[Black "Lobanov, Sergei"]
[Result "1-0"]
[WhiteTitle "GM"]
[WhiteElo "2621"]
[BlackElo "2429"]
[WhiteFideId "13302000"]
[BlackFideId "24183750"]
[EventDate "2016.12.15"]

1. e4 c5 2. Nf3 d6 3. d4 cxd4 4. Nxd4 Nf6 5. Nc3 Nc6 6. Bg5 Bd7 7. Qd2 Rc8 8. f3
Nxd4 9. Qxd4 Qa5 10. Bd2 Qc5 11. Qxc5 dxc5 12. e5 Ng8 13. O-O-O e6 14. Bd3 Ne7
15. Be3 Nd5 16. Nxd5 exd5 17. f4 d4 18. Bf2 Bc6 19. Rhg1 g6 20. g4 b5 21. Rde1
c4 22. Bf1 Bb4 23. Rd1 d3 24. a3 d2+ 25. Rxd2 Bxd2+ 26. Kxd2 a6 27. Bd4 O-O 28.
Ke3 a5 29. h4 Bd5 30. c3 Rc6 31. Be2 Rb8 32. f5 Ra6 33. Bc5 Re8 34. Kf4 h6 35.
Bd4 Kh7 36. Bd1 gxf5 37. gxf5 Rg8 38. Bg4 h5 39. Bxh5 Rxg1 40. Bxg1 Rh6 41. Kg5
Rc6 42. Bd4 Kg8 43. Bg4 Kh7 44. h5 Ra6 45. Bc5 Ra8 46. Kf4 Rg8 47. Bb6 Ra8 48.
e6 f6 49. Bd4 Kg7 50. h6+ Kxh6 51. Bxf6 Rf8 52. Bg5+ Kg7 1-0

[Event "European Rapid 2016"]
[Site "Tallinn EST"]
[Date "2016.12.16"]
[Round "7.29"]
[White "Pavlidis, Antonios"]
[Black "Sarana, Alexey"]
[Result "1/2-1/2"]
[WhiteTitle "GM"]
[BlackTitle "IM"]
[WhiteElo "2532"]
[BlackElo "2457"]
[WhiteFideId "4212312"]
[BlackFideId "24133795"]
[EventDate "2016.12.15"]

1. e4 e5 2. Nf3 Nc6 3. Bc4 Bc5 4. b4 Bxb4 5. c3 Ba5 6. d4 exd4 7. O-O Nge7 8.
cxd4 d5 9. exd5 Nxd5 10. Ba3 Be6 11. Qb3 Qd7 12. Nbd2 Nb6 13. Bxe6 fxe6 14. Ne4
Qd5 15. Nc5 O-O-O 16. Nxe6 Rd7 17. Rac1 Re8 18. Nf8 Qxb3 19. axb3 Rd5 20. Nxh7
Nxd4 21. Nxd4 Rxd4 22. Bc5 Rh4 23. Ng5 Bd2 24. Nf3 Bxc1 25. Nxh4 Bb2 26. Nf3 Nd5
27. Rb1 Bf6 28. Kf1 a5 29. Rd1 Nc3 30. Rc1 Rd8 31. g4 a4 32. bxa4 Nxa4 33. g5
Nxc5 34. gxf6 Nd3 35. Ra1 gxf6 36. h4 Nf4 37. Ke1 Rd3 38. Ng1 Ng2+ 39. Ke2 Rd4
40. h5 Nf4+ 41. Ke3 Rb4 42. h6 Nd5+ 43. Kf3 Rh4 44. Ra8+ Kd7 45. Rh8 Ne7 46. Ne2
Ng6 47. Rh7+ Kd6 48. Kg3 Rh5 49. Kg4 Rg5+ 50. Kf3 Ne5+ 51. Ke4 f5+ 52. Ke3 b5
53. Nd4 b4 54. Nb5+ Kc6 55. Nd4+ Kd6 56. Nb5+ Kc6 57. Nd4+ Kd5 58. Rxc7 Rh5 59.
Nb3 Rh3+ 60. Kf4 Rxb3 61. Kxf5 Rf3+ 62. Kg5 Rf7 63. Rc1 b3 64. f4 Nd3 65. Rd1
Ke4 66. Kg6 Rb7 67. h7 Nxf4+ 68. Kh6 Rb6+ 69. Kg7 Nh5+ 70. Kf8 Rb8+ 71. Kf7 Rb7+
72. Kg6 Nf4+ 73. Kh6 Rb6+ 74. Kg7 Nh5+ 75. Kf8 Rb8+ 76. Kf7 Nf4 77. Rb1 Rb7+ 78.
Kf6 Rb6+ 79. Kf7 Rb7+ 80. Kf6 Rxh7 81. Rxb3 Rh6+ 82. Kf7 Rh7+ 83. Kf6 Nd5+ 84.
Kg6 Rh1 85. Rb2 Rg1+ 86. Kf7 Ra1 87. Re2+ Kf5 88. Rf2+ Nf4 89. Ke7 Rd1 90. Rf3
Ke4 91. Rf2 Ra1 92. Rb2 Ra7+ 93. Kd6 Ra6+ 94. Kd7 Ke5 95. Rd2 Ne6 96. Re2+ Kd5
97. Rd2+ Nd4 98. Ke7 Ke5 99. Kf7 Rf6+ 100. Ke7 Rh6 101. Kf7 Rh7+ 102. Kg6 Rh1
103. Kf7 Rg1 104. Ra2 Rf1+ 105. Ke7 Nc6+ 106. Kd7 Rc1 107. Re2+ Kd5 108. Rd2+
Kc5 109. Ke6 Nd4+ 110. Kd7 Rf1 111. Ke7 Kd5 112. Rd3 Ke5 113. Re3+ Kf4 114. Ra3
Rd1 115. Kf6 Rb1 116. Ra2 Rb6+ 117. Ke7 Ke5 118. Ra5+ Nb5 119. Kd7 Kf6 120. Ra1
Rd6+ 121. Kc8 Rc6+ 122. Kb7 Re6 123. Ra6 Nd6+ 124. Kc7 Ke7 125. Rc6 Rf6 126. Kb6
Kd7 127. Rc7+ Ke6 128. Kc5 Rf5+ 129. Kb4 Rf4+ 130. Kb3 Kd5 131. Rd7 Rf3+ 132.
Kc2 Ke5 133. Rd8 Ne4 134. Re8+ 1/2-1/2

[Event "European Rapid 2016"]
[Site "Tallinn EST"]
[Date "2016.12.16"]
[Round "7.30"]
[White "Grigoriants, Sergey"]
[Black "Krupenski, Juri"]
[Result "1-0"]
[WhiteTitle "GM"]
[BlackTitle "IM"]
[WhiteElo "2563"]
[BlackElo "2432"]
[WhiteFideId "4130804"]
[BlackFideId "4501101"]
[EventDate "2016.12.15"]

1. e4 c5 2. Nf3 d6 3. Bb5+ Nd7 4. O-O a6 5. Bd3 Ne5 6. Nxe5 dxe5 7. a4 b6 8. Na3
Nf6 9. Nc4 Nd7 10. b3 Bb7 11. Bb2 Qc7 12. Qg4 g6 13. f4 Bg7 14. fxe5 Nxe5 15.
Qf4 1-0

[Event "European Rapid 2016"]
[Site "Tallinn EST"]
[Date "2016.12.16"]
[Round "7.32"]
[White "Ahvenjarvi, Jani"]
[Black "Munoz, Miguel"]
[Result "1/2-1/2"]
[WhiteTitle "FM"]
[BlackTitle "GM"]
[WhiteElo "2317"]
[BlackElo "2473"]
[WhiteFideId "507571"]
[BlackFideId "3800229"]
[EventDate "2016.12.15"]

1. e4 d5 2. exd5 Qxd5 3. Nc3 Qa5 4. d4 Nf6 5. Nf3 Bg4 6. h3 Bxf3 7. Qxf3 c6 8.
Bd2 Nbd7 9. O-O-O e6 10. Kb1 Bb4 11. a3 Be7 12. Ne4 Qb6 13. Nxf6+ Nxf6 14. Qd3
O-O 15. Be3 Rfd8 16. Be2 e5 17. dxe5 Rxd3 18. Bxb6 Rxd1+ 19. Rxd1 axb6 20. exf6
Bxf6 21. Rd7 Rb8 22. Bc4 b5 23. Bxf7+ Kf8 24. Be6 b6 25. f4 c5 26. g4 b4 27.
axb4 cxb4 28. Ka2 Rd8 29. Rf7+ Ke8 30. Rb7 Rd4 31. g5 Be7 32. f5 Bxg5 33. Rxg7
h6 34. Rb7 Rd6 35. Kb3 Bd2 36. Kc4 Rc6+ 37. Kd3 Rd6+ 38. Ke4 Bc1 39. Ke5 Rd2 40.
Kf6 Bxb2+ 41. Kg6 Rg2+ 42. Kxh6 Rxc2 43. Rxb6 Ke7 44. Rxb4 Kf6 45. Kh5 Rg2 46.
Rb8 Rg5+ 47. Kh4 Rg2 48. Rf8+ Ke5 49. Rg8 Rxg8 50. Bxg8 Kxf5 51. Kg3 Ke5 1/2-1/2

[Event "European Rapid 2016"]
[Site "Tallinn EST"]
[Date "2016.12.16"]
[Round "7.33"]
[White "Tregubov, Pavel V."]
[Black "Maier, Christian"]
[Result "1/2-1/2"]
[WhiteTitle "GM"]
[BlackTitle "IM"]
[WhiteElo "2585"]
[BlackElo "2390"]
[WhiteFideId "4115341"]
[BlackFideId "4601955"]
[EventDate "2016.12.15"]

1. d4 Nf6 2. c4 c5 3. d5 e5 4. Nc3 Bd6 5. e4 Bc7 6. Bd3 d6 7. Nge2 Ba5 8. O-O
Bxc3 9. Nxc3 Qe7 10. a3 O-O 11. b4 Na6 12. Rb1 Bg4 13. f3 Bd7 14. Be3 b6 15. b5
Nc7 16. a4 Nh5 17. Qd2 g6 18. a5 f5 19. Bg5 Qf7 20. Bh6 Rfb8 21. g4 Nf4 22. Bxf4
exf4 23. exf5 gxf5 24. Qxf4 Qg7 25. Ne2 fxg4 26. fxg4 Bxg4 27. Kh1 Rf8 28. Qxd6
Rae8 29. Ng1 Qd4 30. Rxf8+ Rxf8 31. Rf1 Rxf1 32. Bxf1 Ne8 33. Qg3 Kf7 34. h3 Bf5
35. axb6 axb6 36. Nf3 Be4 37. Bg2 Bxf3 38. Qxf3+ Nf6 39. Qe2 Qf4 40. Bf3 Qg3 41.
Bg4 Kg6 42. Be6 Qf4 43. Kg2 h5 44. Qf2 Qxf2+ 45. Kxf2 Ne4+ 46. Ke3 Nd6 47. Kd3
Kg5 1/2-1/2

[Event "European Rapid 2016"]
[Site "Tallinn EST"]
[Date "2016.12.16"]
[Round "7.34"]
[White "Krutti, Valer"]
[Black "Ruck, Robert"]
[Result "1/2-1/2"]
[WhiteTitle "IM"]
[BlackTitle "GM"]
[WhiteElo "2361"]
[BlackElo "2561"]
[WhiteFideId "706248"]
[BlackFideId "705713"]
[EventDate "2016.12.15"]

1. d4 Nf6 2. Nf3 d5 3. c4 e6 4. g3 dxc4 5. Qa4+ Nbd7 6. Bg2 a6 7. Nc3 Rb8 8.
Qxc4 b5 9. Qd3 Bb7 10. O-O c5 11. Bf4 Rc8 12. Rad1 c4 13. Qc2 Be7 14. a3 Nd5 15.
Ne5 O-O 16. Nxd5 Bxd5 17. e4 Bb7 18. d5 Nxe5 19. Bxe5 exd5 20. exd5 Bd6 21. f4
Re8 22. Rfe1 Qb6+ 23. Kh1 Rcd8 24. Qc3 f6 25. Bd4 Bc5 26. Bxc5 Qxc5 27. Rxe8+
Rxe8 28. Qd2 Qd6 29. Bf3 Bc8 30. Kg2 Bf5 31. Re1 Rxe1 32. Qxe1 Kf8 33. Qb4 Qxb4
34. axb4 Ke7 35. Kf2 Kd6 36. Ke3 Bd7 37. Kd4 Bc8 38. Be4 f5 39. Bf3 g6 40. h4 h5
41. Bg2 Bd7 42. Bf3 1/2-1/2

[Event "European Rapid 2016"]
[Site "Tallinn EST"]
[Date "2016.12.16"]
[Round "7.36"]
[White "Kanep, Siim"]
[Black "Plat, Vojtech"]
[Result "0-1"]
[BlackTitle "IM"]
[WhiteElo "2173"]
[BlackElo "2532"]
[WhiteFideId "4501691"]
[BlackFideId "325740"]
[EventDate "2016.12.15"]

1. d4 d6 2. e4 Nf6 3. Nc3 Nbd7 4. Nf3 e5 5. Bc4 Be7 6. O-O O-O 7. Re1 c6 8. a4
a5 9. b3 Qc7 10. Bb2 Nb6 11. Bd3 Bg4 12. dxe5 dxe5 13. h3 Be6 14. Ne2 Nfd7 15.
Ng3 Rad8 16. Qe2 Rfe8 17. Nf5 Bxf5 18. exf5 Bf6 19. Nd2 Nd5 20. Ne4 g6 21. Qf3
Bg7 22. Rad1 Nf4 23. fxg6 hxg6 24. Bf1 Nd5 25. c4 Nb4 26. Nd6 Rf8 27. c5 e4 28.
Qe2 Nxc5 29. Bxg7 Kxg7 30. Qb2+ f6 31. Nc4 Ncd3 0-1